| 000 | 01389aam a2200313 i 4500 | ||
|---|---|---|---|
| 001 | 768714001 | ||
| 003 | CO-MdFUSB | ||
| 005 | 20250122171722.0 | ||
| 007 | ta | ||
| 008 | 240930txxx ck |||| |||| 00| 0 spa d | ||
| 020 |
_a958926978 _q8 |
||
| 040 | _cCO-MdFUSB | ||
| 041 | 0 | _aspa | |
| 082 | 0 | 4 |
_a241 _223 _bR496 |
| 100 | 1 |
_aRice, John R. (1895-) _eautor |
|
| 245 | 1 | 3 |
_aLa ruina de un cristiano _c/ John R. Rice ; introducción por Hyman J. Appelman ; traducido por Abraham Hance C. |
| 264 | 0 |
_bDesafío, _aBogotá, Colombia : _c[Fecha de publicación no identificada] |
|
| 300 | _a318 páginas | ||
| 336 |
_atexto _btxt _2rdacontent |
||
| 337 |
_2rdamedia _asin mediación _bn |
||
| 338 |
_2rdacarrier _avolumen _bnc |
||
| 505 | _aLa ruina de un cristiano. -- Tibieza espiritual. -- El piquete de ejecución de Dios. -- La maldición del pecado oculto. -- El pecado de la mentira. -- Preparad el terreno. "No sembréis sobre espinas" Jer. 4:3. -- Siete aspectos del pecado de aquellos que no ganan almas. -- "Hermanos, no murmuréis los unos de los otros". -- No juzguéis. -- No os juntéis en yugo con los infieles. -- La mayor lección de humildad. -- Un nuevo comienzo. | ||
| 563 | _aRústico | ||
| 650 | 7 |
_aÉtica cristiana _9185 |
|
| 700 |
_aAppelman, Hyman J., _910793 _eintroductor |
||
| 700 |
_aHance C. Abraham, _910794 _etraductor |
||
| 942 | _cBK | ||
| 945 | _aJTF-925 | ||
| 999 |
_c35373 _d35373 |
||